000 01296cam a22003737a 4500
003 CHAP
005 20220329142203.0
008 000203d mx ab r 00110 spa d
010 _a79698
011 _a80670
035 _a91121
040 _cCHAP
090 _aTesis
100 0 0 _aGuzmán García, José Guadalupe.
_951950
245 1 0 _aEvaluación del riesgo de degradación en el Ajusco
_c/por José Guadalupe Guzmán García
260 _aChapingo, Méx. :
_bEl autor,
_c1999.
300 _a81 h. :
_bmapas ; cuadros
502 _aTesis (Ing. en Agroecología) -- UACH. Departamento de Agroecología
590 _aALEPH
_b10
_c20130110
_lUCH01
_h1433
590 _aBATCH-UPD
_b10
_c20130110
_lUCH01
_h0609
590 _aBATCH-UPD
_b10
_c20130410
_lUCH01
_h0251
590 _aBATCH-UPD
_b10
_c20130914
_lUCH01
_h1158
590 _aCONVERSION
_b10
_c20130109
_lUCH01
_h1344
650 1 4 _aDesertificación.
_932128
650 1 4 _aErosión.
_937335
650 1 4 _aSuelos
_xDegradación.
_9110336
650 1 4 _aSuelos
_xMéxico (D.F.)
_9110443
901 _aBK
905 _aPatricia Mendoza P.
942 _cFOLL
949 _bBC
_cTES
_d33724000751673
_eTS2
_fc.3
_h35315
_i91121
_si
949 _bBC
_cTES
_d33724000751681
_eTS2
_fc.2
_h35314
_i91121
_sb
949 _bBC
_cTES
_d91121
_eTS1
_h35313
_i91121
_sb
999 _c79698
_d79698